[Event "Rated Blitz game"]
[Site "?"]
[Date "2021.10.31"]
[Round "?"]
[White "abdousalama"]
[Black "Fantastic_power06"]
[Result "0-1"]
[WhiteElo "2635"]
[BlackElo "2785"]
[PlyCount "40"]
[EventDate "2021.??.??"]
[EventType "blitz"]

1. e4 e5 2. Nf3 d5 3. exd5 e4 4. Qe2 Nf6 5. d3 Qxd5 6. Nc3 Bb4 7. Bd2 Bxc3 8.
Bxc3 O-O 9. dxe4 Nxe4 10. Rd1 Qf5 11. Nd4 Qg6 12. Rd3 Nc6 13. Nxc6 bxc6 14. Re3
Bf5 15. g3 Nxc3 16. bxc3 Rab8 17. Bg2 Rb1+ 18. Kd2 Rd8+ 19. Rd3 Bxd3 20. cxd3
Rb2+ {Normal} 0-1

[Event "Rated Blitz game"]
[Site "?"]
[Date "2021.10.31"]
[Round "?"]
[White "Juegosolidokf7"]
[Black "Tintyn"]
[Result "0-1"]
[WhiteElo "2415"]
[BlackElo "2513"]
[PlyCount "70"]
[EventDate "2021.??.??"]
[EventType "blitz"]

1. e4 e5 2. Nf3 d5 3. Nxe5 Bd6 4. d4 dxe4 5. Nc4 Nf6 6. Nxd6+ Qxd6 7. h3 O-O 8.
Be2 Nc6 9. Be3 Nd5 10. O-O Nxe3 11. fxe3 Qg3 12. Kh1 Qxe3 13. c3 Bxh3 14. gxh3
Qxh3+ 15. Kg1 Qg3+ 16. Kh1 Rad8 17. Bg4 Rd6 18. Rf5 Qh4+ 19. Kg2 Rg6 20. Rf4 h5
21. Nd2 e3 22. Nf3 Rxg4+ 23. Rxg4 Qxg4+ 24. Kh2 Qf4+ 25. Kg2 Re8 26. Qe2 Re6
27. Nh2 Rg6+ 28. Kh1 Rg3 29. Rf1 Qe4+ 30. Rf3 h4 31. a3 Ne7 32. a4 Nd5 33. b3
Nf4 34. Qxe3 Qxe3 35. Rxe3 Rxe3 {Normal} 0-1

[Event "Rated Blitz game"]
[Site "?"]
[Date "2021.10.31"]
[Round "?"]
[White "Fuhhori"]
[Black "Annali-annaliew1979"]
[Result "1-0"]
[WhiteElo "2437"]
[BlackElo "2469"]
[PlyCount "31"]
[EventDate "2021.??.??"]
[EventType "blitz"]

1. e4 e5 2. Nf3 d5 3. Nxe5 Qe7 4. d4 f6 5. Nf3 dxe4 6. Nfd2 f5 7. Bc4 Nf6 8.
O-O Be6 9. f3 e3 10. Bxe6 Qxe6 11. Nb3 f4 12. Re1 Bd6 13. Nc3 O-O 14. d5 Qf5
15. Nd4 Nbd7 16. Nxf5 {Normal} 1-0

[Event "Rated Blitz game"]
[Site "?"]
[Date "2021.10.31"]
[Round "?"]
[White "jure_pl91"]
[Black "Fantastic_power06"]
[Result "1-0"]
[WhiteElo "2593"]
[BlackElo "2788"]
[PlyCount "61"]
[EventDate "2021.??.??"]
[EventType "blitz"]

1. e4 e5 2. Nf3 d5 3. Nxe5 Bd6 4. d4 dxe4 5. Nc4 Nc6 6. Nc3 Bf5 7. Ne3 Bg6 8.
Bb5 a6 9. Bxc6+ bxc6 10. Qg4 Nf6 11. Qh4 O-O 12. O-O Be7 13. Rd1 Nd5 14. Qg3 f5
15. Nexd5 cxd5 16. Bf4 c6 17. Qe3 Bf7 18. Na4 g5 19. Be5 f4 20. Qc3 Rc8 21. Nc5
Bxc5 22. dxc5 Bh5 23. Rd4 f3 24. Rb4 Qd7 25. h3 fxg2 26. Qg3 h6 27. Bd4 Rf3 28.
Qe5 Qh7 29. Qe6+ Qf7 30. Qxc8+ Kh7 31. Rb7 {Normal} 1-0

[Event "Rated Blitz tournament HDysxeX7"]
[Site "?"]
[Date "2021.10.31"]
[Round "?"]
[White "sveg67"]
[Black "Toledanomad"]
[Result "1/2-1/2"]
[WhiteElo "2326"]
[BlackElo "2409"]
[PlyCount "147"]
[EventDate "2021.??.??"]
[EventType "blitz"]

1. e4 e5 2. Nf3 d5 3. exd5 e4 4. Ne5 Qxd5 5. d4 exd3 6. Nxd3 Nf6 7. Nc3 Qf5 8.
Be2 Bd6 9. O-O Nc6 10. Bf3 Be6 11. Re1 O-O 12. Ne4 Rad8 13. Nxd6 Rxd6 14. Bf4
Rd7 15. Bg3 Rfd8 16. Qe2 Bc4 17. Rad1 h6 18. Qe3 Bxd3 19. cxd3 Rxd3 20. Rxd3
Rxd3 21. Qe2 Nd4 22. Qe5 Rxf3 23. Qxd4 Rd3 24. Qxa7 Rd2 25. Qxb7 Ne4 26. Qxc7
Nxf2 27. Qc3 Rc2 28. Qf3 Qxf3 29. gxf3 Nd3 30. Ra1 Rxb2 31. a4 Nc5 32. a5 Na6
33. Bf2 f5 34. Bb6 g5 35. Rd1 Kf7 36. Rd6 h5 37. Bd8 g4 38. fxg4 hxg4 39. Rxa6
f4 40. Rc6 f3 41. a6 Ra2 42. Rc7+ Ke8 43. Rc8 Rxa6 44. Bb6+ Kd7 45. Rb8 Kc6 46.
Bf2 Ra2 47. Bh4 Kd5 48. Re8 Re2 49. Rxe2 fxe2 50. Kf2 Ke4 51. Kxe2 Kf4 52. Kf2
Kf5 53. Kg3 Kg6 54. Kxg4 Kh6 55. Bg5+ Kg6 56. Bf4 Kg7 57. Be5+ Kg6 58. h4 Kh6
59. h5 Kh7 60. Kg5 Kg8 61. Kg6 Kf8 62. h6 Ke7 63. h7 Ke6 64. h8=Q Kd5 65. Bc7
Ke4 66. Qe5+ Kd3 67. Qf4 Kc2 68. Qg3 Kd2 69. Qf3 Ke1 70. Qg2 Kd1 71. Kf5 Kc1
72. Ke4 Kb1 73. Kd3 Ka1 74. Qc2 {Normal} 1/2-1/2

[Event "Rated Blitz game"]
[Site "?"]
[Date "2021.10.31"]
[Round "?"]
[White "MrMilongas1"]
[Black "petrosianuro"]
[Result "1-0"]
[WhiteElo "2424"]
[BlackElo "2338"]
[PlyCount "95"]
[EventDate "2021.??.??"]
[EventType "blitz"]

1. e4 e5 2. Nf3 d5 3. Nxe5 Bd6 4. d4 dxe4 5. Bc4 Bxe5 6. Qh5 Qe7 7. dxe5 g6 8.
Qe2 Nc6 9. Qxe4 Qxe5 10. Qxe5+ Nxe5 11. Be2 Bf5 12. O-O O-O-O 13. Na3 f6 14. h3
Ne7 15. Re1 Bd7 16. Be3 Kb8 17. f4 Nf5 18. Bf2 Nc6 19. c3 Nd6 20. Bf3 Rhe8 21.
Rad1 Rxe1+ 22. Rxe1 Re8 23. Rxe8+ Bxe8 24. Nc2 Kc8 25. b3 Kd7 26. Nd4 Nxd4 27.
Bxd4 f5 28. c4 b6 29. Be5 Bf7 30. Kf2 c5 31. Ke3 a5 32. g4 Be6 33. g5 a4 34. h4
axb3 35. axb3 b5 36. Bxd6 Kxd6 37. cxb5 Bxb3 38. h5 Ba4 39. hxg6 hxg6 40. Bc6
Bc2 41. Be8 Ba4 42. Kd3 Ke7 43. Bc6 Kd6 44. Kc4 Bd1 45. Be8 Bh5 46. b6 Be2+ 47.
Kc3 Bh5 48. Kb3 {Time forfeit} 1-0

[Event "Rated Blitz game"]
[Site "?"]
[Date "2021.10.31"]
[Round "?"]
[White "lightinghamad"]
[Black "Annali-annaliew1979"]
[Result "0-1"]
[WhiteElo "2436"]
[BlackElo "2474"]
[PlyCount "34"]
[EventDate "2021.??.??"]
[EventType "blitz"]

1. e4 e5 2. Nf3 d5 3. exd5 e4 4. Ne5 f5 5. d4 Nf6 6. c4 b6 7. Bg5 Bd6 8. Bxf6
Qxf6 9. Nc6 Nxc6 10. dxc6 O-O 11. Nc3 a6 12. Be2 Be6 13. d5 Bf7 14. O-O Rae8
15. Bh5 Bxh2+ 16. Kh1 Qh4 17. Bxf7+ Rxf7 {Normal} 0-1

[Event "Rated Rapid game"]
[Site "?"]
[Date "2021.10.31"]
[Round "?"]
[White "toivokcrusher"]
[Black "banyu_ireng"]
[Result "1-0"]
[WhiteElo "2417"]
[BlackElo "2301"]
[PlyCount "93"]
[EventDate "2021.??.??"]
[EventType "rapid"]

1. e4 e5 2. Nf3 d5 3. exd5 e4 4. Qe2 Nf6 5. Nc3 Bf5 6. d3 Bb4 7. dxe4 Bxc3+ 8.
bxc3 Bxe4 9. Be3 O-O 10. Rd1 Nbd7 11. Qd2 Re8 12. Be2 Ne5 13. Nxe5 Rxe5 14. O-O
Qd6 15. Bf4 Rae8 16. c4 b6 17. Bd3 Qe7 18. Bxe5 Qxe5 19. Bxe4 Nxe4 20. Qd4 Qh5
21. Rde1 f5 22. f3 Nd6 23. c5 bxc5 24. Qxc5 Qf7 25. Rxe8+ Nxe8 26. Re1 Nd6 27.
Re6 h6 28. Qxa7 f4 29. Qd4 Nb5 30. Qe5 Nd6 31. a4 Qd7 32. Qd4 Nf5 33. Qe5 Nd6
34. Rxd6 cxd6 35. Qxf4 Qa7+ 36. Kf1 Qb6 37. Qc4 Qb1+ 38. Kf2 Qh1 39. Qc8+ Kh7
40. Qf5+ Kh8 41. Qf8+ Kh7 42. Qxd6 Qb1 43. Qc6 Qd1 44. d6 Qd4+ 45. Ke2 Qe5+ 46.
Kd3 Qf5+ 47. Qe4 {Normal} 1-0

[Event "Rated Blitz game"]
[Site "?"]
[Date "2021.10.31"]
[Round "?"]
[White "TimF1202"]
[Black "Pepiton61"]
[Result "1-0"]
[WhiteElo "2429"]
[BlackElo "2372"]
[PlyCount "95"]
[EventDate "2021.??.??"]
[EventType "blitz"]

1. e4 e5 2. Nf3 d5 3. exd5 e4 4. Qe2 Nf6 5. Nc3 Be7 6. Nxe4 O-O 7. d3 Nxd5 8.
Qd1 Re8 9. Be2 f5 10. Nc3 Nxc3 11. bxc3 Bf6 12. d4 Qe7 13. Be3 Nc6 14. O-O Kh8
15. Re1 Be6 16. Rb1 Bd5 17. c4 Be4 18. d5 Rad8 19. Bd3 Na5 20. Bd4 b6 21. Bxf6
Qxf6 22. Bxe4 fxe4 23. Nd2 Qd4 24. Qe2 Re5 25. Qe3 Qxe3 26. Rxe3 Rde8 27. Rbe1
h6 28. f3 b5 29. Rxe4 Rxe4 30. Rxe4 Rxe4 31. fxe4 bxc4 32. c3 Kg8 33. Kf2 Kf7
34. Ke3 c6 35. d6 Ke6 36. e5 Kxe5 37. d7 Nb7 38. Nxc4+ Ke6 39. Na5 Nd8 40. Kd4
Kxd7 41. Kc5 Ne6+ 42. Kc4 Kc7 43. g3 Kb6 44. Nb3 a5 45. a4 c5 46. Nd2 Ng5 47.
h4 Ne6 48. Ne4 {Time forfeit} 1-0

[Event "Rated Blitz game"]
[Site "?"]
[Date "2021.10.31"]
[Round "?"]
[White "luisaceo"]
[Black "fuglfonix"]
[Result "1-0"]
[WhiteElo "2532"]
[BlackElo "2350"]
[PlyCount "47"]
[EventDate "2021.??.??"]
[EventType "blitz"]

1. e4 e5 2. Nf3 d5 3. Nxe5 Bd6 4. d4 dxe4 5. Nc3 Bxe5 6. dxe5 Qxd1+ 7. Kxd1 Nc6
8. Bb5 Bg4+ 9. Ke1 O-O-O 10. Bf4 f5 11. exf6 Nxf6 12. Bxc6 bxc6 13. h3 Bh5 14.
g4 Bg6 15. Be3 Kb7 16. Ke2 Nd5 17. Na4 Rhf8 18. Nc5+ Kc8 19. Ne6 Rf3 20. Nxd8
Kxd8 21. c4 Nb4 22. Rad1+ Kc8 23. a3 Nd3 24. Rxd3 {Normal} 1-0

[Event "Rated Blitz game"]
[Site "?"]
[Date "2021.10.31"]
[Round "?"]
[White "Shashlundos"]
[Black "RCompany_1"]
[Result "1-0"]
[WhiteElo "2440"]
[BlackElo "2432"]
[PlyCount "77"]
[EventDate "2021.??.??"]
[EventType "blitz"]

1. e4 e5 2. Nf3 d5 3. Nxe5 Bd6 4. d4 dxe4 5. Bc4 Bxe5 6. Qh5 Qe7 7. Qxe5 Qxe5
8. dxe5 Nc6 9. Bf4 Nge7 10. e6 Bxe6 11. Bxe6 fxe6 12. Bxc7 e5 13. Bd6 O-O-O 14.
Bxe7 Nxe7 15. Nc3 Rd4 16. Rd1 Nc6 17. O-O Rc4 18. Rfe1 Nb4 19. Rd2 Rd8 20.
Rxd8+ Kxd8 21. Re2 Ke7 22. a3 Nc6 23. Rxe4 Rd4 24. f3 Ke6 25. Kf2 h6 26. Ke3 a6
27. f4 Kf5 28. fxe5 Rxe4+ 29. Nxe4 Nxe5 30. Nd6+ Ke6 31. Nxb7 Nc4+ 32. Kd4 Nxb2
33. Nc5+ Kf5 34. Nxa6 Nd1 35. c4 Ke6 36. Nc5+ Kd6 37. Nd3 g5 38. a4 Kc6 39. g4
{Normal} 1-0

[Event "Rated Blitz game"]
[Site "?"]
[Date "2021.10.31"]
[Round "?"]
[White "TranHaMinhAnh"]
[Black "Minty0209"]
[Result "1-0"]
[WhiteElo "2450"]
[BlackElo "2324"]
[PlyCount "151"]
[EventDate "2021.??.??"]
[EventType "blitz"]

1. e4 e5 2. Nf3 d5 3. Nxe5 Bd6 4. d4 dxe4 5. Nc4 Nf6 6. Nxd6+ cxd6 7. Be2 O-O
8. O-O h6 9. c3 d5 10. h3 Nc6 11. Be3 Be6 12. Nd2 Qd7 13. Nb3 b6 14. Qd2 a5 15.
a4 Nh7 16. Bb5 f5 17. Rfd1 Rac8 18. Nc1 Qf7 19. c4 f4 20. cxd5 Bxd5 21. Ne2
fxe3 22. Qxe3 Nb4 23. Rac1 Nc2 24. Qg3 Nb4 25. Nc3 Bc4 26. Nxe4 Bxb5 27. axb5
Rxc1 28. Rxc1 Qf4 29. Qxf4 Rxf4 30. f3 Nf6 31. Rc8+ Kh7 32. Rf8 Nfd5 33. Rb8
Nd3 34. b3 Nc1 35. Rd8 Nf6 36. Nd2 Rxd4 37. Rxd4 Ne2+ 38. Kf2 Nxd4 39. Nc4 Nxb5
40. Nxb6 Na7 41. Ke3 Kg6 42. Kd4 Kf5 43. Kc5 Kf4 44. Nc4 Kg3 45. Nxa5 Kxg2 46.
Kb6 Nc8+ 47. Kc7 Ne7 48. Kd6 Ned5 49. Ke6 Kxf3 50. Kf7 h5 51. Kxg7 h4 52. Nc4
Kg3 53. Ne5 Nh5+ 54. Kh6 Nhf4 55. Kg5 Nxh3+ 56. Kf5 Nhf4 57. Ng4 h3 58. Kg5 Nc3
59. b4 Ne4+ 60. Kf5 Nd6+ 61. Kg5 Ne6+ 62. Kh5 Nb5 63. Ne3 Kf3 64. Ng4 Kg3 65.
Ne3 Nf4+ 66. Kg5 Ng2 67. Ng4 Ne3 68. Nxe3 Kf3 69. Ng4 Kg3 70. Nh2 Kxh2 71. Kf5
Kg2 72. Ke5 h2 73. Kd5 Nc3+ 74. Kc5 Na2 75. Kc4 Nc3 76. Kxc3 {Time forfeit} 1-0

[Event "Rated Blitz game"]
[Site "?"]
[Date "2021.10.31"]
[Round "?"]
[White "Jakob19"]
[Black "Lasker-on-speed"]
[Result "1-0"]
[WhiteElo "2567"]
[BlackElo "2380"]
[PlyCount "25"]
[EventDate "2021.??.??"]
[EventType "blitz"]

1. e4 e5 2. Nf3 d5 3. exd5 Bd6 4. d4 e4 5. Ne5 Nf6 6. Nc3 O-O 7. Bg5 h6 8. Bxf6
Qxf6 9. Nxe4 Qe7 10. Bd3 Bxe5 11. dxe5 Qxe5 12. O-O Qxd5 13. Nf6+ {Normal} 1-0

[Event "Rated Blitz game"]
[Site "?"]
[Date "2021.10.31"]
[Round "?"]
[White "Monte_2000"]
[Black "khalid_ontawar"]
[Result "0-1"]
[WhiteElo "2465"]
[BlackElo "2494"]
[PlyCount "88"]
[EventDate "2021.??.??"]
[EventType "blitz"]

1. e4 e5 2. Nf3 d5 3. exd5 e4 4. Qe2 Nf6 5. d3 Bf5 6. Nc3 Bb4 7. Bd2 Bxc3 8.
Bxc3 O-O 9. dxe4 Nxe4 10. O-O-O Nxc3 11. bxc3 Qd6 12. Qc4 Nd7 13. Nd4 Bg6 14.
Bd3 Nb6 15. Qb3 Nxd5 16. Bxg6 hxg6 17. Ne2 c6 18. c4 Qe5 19. cxd5 Qxe2 20. d6
Qxf2 21. Rd2 Qf4 22. Rhd1 Rad8 23. g3 Qe5 24. Kb1 Rd7 25. c4 Rfd8 26. Qb2 Qe4+
27. Qc2 Qe5 28. c5 b6 29. cxb6 axb6 30. Qxc6 b5 31. Qd5 Qe8 32. Qc5 Rc8 33. Qb4
Qd8 34. Qb2 b4 35. h4 Rc5 36. Ka1 b3 37. Qxb3 Rc8 38. Rf2 Rb8 39. Qd5 Qb6 40.
Rfd2 Qb4 41. Qd4 Qa3 42. Qd3 Qc5 43. Qd4 Qc6 44. Qd5 Qc3+ {Normal} 0-1

[Event "Rated Blitz game"]
[Site "?"]
[Date "2021.10.31"]
[Round "?"]
[White "Omegaverde"]
[Black "mirekkk14"]
[Result "1/2-1/2"]
[WhiteElo "2535"]
[BlackElo "2445"]
[PlyCount "83"]
[EventDate "2021.??.??"]
[EventType "blitz"]

1. e4 e5 2. Nf3 d5 3. Nxe5 Bd6 4. d4 dxe4 5. Bc4 Bxe5 6. Qh5 Qe7 7. Qxe5 Qxe5
8. dxe5 Nc6 9. Bf4 Nge7 10. g3 Ng6 11. Bb5 Bd7 12. Bxc6 Bxc6 13. O-O Nxf4 14.
gxf4 O-O-O 15. Nc3 f6 16. e6 f5 17. Rad1 Rhe8 18. Rxd8+ Kxd8 19. Rd1+ Ke7 20.
Ne2 g6 21. Nd4 Rd8 22. Nxc6+ bxc6 23. Rxd8 Kxd8 24. f3 exf3 25. Kf2 Ke7 26.
Kxf3 Kxe6 27. h4 Kd5 28. Ke3 a5 29. Kd3 a4 30. c4+ Kc5 31. Kc3 h6 32. b4+ axb3
33. Kxb3 Kb6 34. Kb4 c5+ 35. Ka4 Ka6 36. Kb3 Ka5 37. Ka3 Kb6 38. Kb3 Kc6 39.
Kc3 Kb6 40. Kb3 Ka5 41. Ka3 Kb6 42. Kb3 {Normal} 1/2-1/2

[Event "Rated Blitz game"]
[Site "?"]
[Date "2021.10.31"]
[Round "?"]
[White "Apekop"]
[Black "khalid_ontawar"]
[Result "0-1"]
[WhiteElo "2540"]
[BlackElo "2478"]
[PlyCount "52"]
[EventDate "2021.??.??"]
[EventType "blitz"]

1. e4 e5 2. Nf3 d5 3. exd5 e4 4. Qe2 Nf6 5. d3 Bf5 6. Nc3 Bb4 7. Bd2 Bxc3 8.
Bxc3 O-O 9. dxe4 Nxe4 10. O-O-O Nxc3 11. bxc3 Qd6 12. Kb2 Nd7 13. Qc4 b5 14.
Qd4 a5 15. Bd3 Bxd3 16. cxd3 Nc5 17. Rhe1 Rab8 18. Ka1 b4 19. c4 b3 20. Rb1
bxa2 21. Kxa2 a4 22. Ne5 Rb3 23. Rxb3 axb3+ 24. Kb2 Ra8 25. Ra1 Rxa1 26. Kxa1
Qa6+ {Normal} 0-1

[Event "Rated Blitz game"]
[Site "?"]
[Date "2021.10.31"]
[Round "?"]
[White "transitos"]
[Black "AntuanNSK"]
[Result "1/2-1/2"]
[WhiteElo "2411"]
[BlackElo "2302"]
[PlyCount "119"]
[EventDate "2021.??.??"]
[EventType "blitz"]

1. e4 e5 2. Nf3 d5 3. Nxe5 Bd6 4. d4 dxe4 5. Nc4 Bf5 6. Nxd6+ Qxd6 7. c4 c6 8.
Nc3 Nf6 9. Be2 Nbd7 10. O-O O-O 11. Be3 Rad8 12. h3 h6 13. Qd2 Kh7 14. Rad1
Rfe8 15. Bf4 Qe6 16. Qe3 Nb6 17. b3 g5 18. Be5 Nfd7 19. Bh2 Bg6 20. Rfe1 f5 21.
f4 Qf6 22. g4 c5 23. fxg5 Qxg5 24. Qxg5 hxg5 25. gxf5 Bxf5 26. Bg4 Bxg4 27.
hxg4 cxd4 28. Nxe4 Kg6 29. Rxd4 Nf8 30. Rxd8 Rxd8 31. Bc7 Rd7 32. Bxb6 axb6 33.
Kf2 Ne6 34. Nc3 Rf7+ 35. Kg3 Nd4 36. Re3 Rf1 37. Ne2 Nc2 38. Re6+ Kf7 39. Rxb6
Ne3 40. Rxb7+ Kf6 41. Nd4 Ke5 42. Nf3+ Ke4 43. Re7+ Kd3 44. Nxg5 Rg1+ 45. Kh4
Rxg4+ 46. Kh5 Rg2 47. c5 Rxa2 48. c6 Rc2 49. Rd7+ Ke2 50. Rd6 Nf5 51. Re6+ Kf2
52. b4 Nd4 53. Rf6+ Kg2 54. Ne4 Rxc6 55. Rxc6 Nxc6 56. b5 Na5 57. b6 Kf3 58.
Nc5 Kf4 59. b7 Nxb7 60. Nxb7 {Normal} 1/2-1/2

[Event "Rated Blitz game"]
[Site "?"]
[Date "2021.10.31"]
[Round "?"]
[White "Alaincitopp"]
[Black "Annali-annaliew1979"]
[Result "1-0"]
[WhiteElo "2314"]
[BlackElo "2484"]
[PlyCount "97"]
[EventDate "2021.??.??"]
[EventType "blitz"]

1. e4 e5 2. Nf3 d5 3. Nxe5 Qe7 4. d4 f6 5. Nd3 Nc6 6. c3 Bf5 7. Nc5 Bxe4 8. Qe2
O-O-O 9. f3 Bg6 10. Qxe7 Bxe7 11. Ne6 Re8 12. Nxg7 Nh6 13. Nxe8 Rxe8 14. Kf2
Nf5 15. Bd3 Nd6 16. Bxg6 hxg6 17. Re1 Rh8 18. h3 Kd7 19. Bf4 f5 20. Nd2 g5 21.
Be5 Rg8 22. g4 fxg4 23. hxg4 Rf8 24. Kg2 Nf7 25. Bg3 Bd6 26. Nb3 Bxg3 27. Kxg3
b6 28. Re2 Nd6 29. Rh1 a5 30. Rh7+ Kc8 31. Nc1 a4 32. Nd3 a3 33. bxa3 Nb5 34.
Re6 Nd8 35. Ree7 Nc6 36. Ref7 Re8 37. Nb4 Nxb4 38. axb4 Re3 39. Rhg7 Rxc3 40.
a4 Nxd4 41. Rxg5 Ne2+ 42. Kf2 Rc2 43. Ke1 d4 44. Rg8+ Kb7 45. Rd8 Ka6 46. g5
Nc3 47. Rxd4 Nxa4 48. g6 Rg2 49. Rg4 {Normal} 1-0

[Event "Rated Blitz tournament VeFPS0mf"]
[Site "?"]
[Date "2021.10.31"]
[Round "?"]
[White "Jazzyjef"]
[Black "VISHAL99"]
[Result "1-0"]
[WhiteElo "2653"]
[BlackElo "2281"]
[PlyCount "91"]
[EventDate "2021.??.??"]
[EventType "blitz"]

1. e4 e5 2. Nf3 d5 3. Nc3 dxe4 4. Nxe4 f5 5. Nc3 e4 6. Ne5 Nf6 7. d4 exd3 8.
Qxd3 Bd6 9. Nc4 Qe7+ 10. Be2 Nc6 11. Nxd6+ cxd6 12. O-O O-O 13. Bg5 Ne5 14. Qd2
h6 15. Nd5 Qe6 16. Bxf6 Rxf6 17. Nc7 Qf7 18. Nxa8 Rg6 19. Rad1 f4 20. Bh5 Rxg2+
21. Kxg2 f3+ 22. Kh1 Qxh5 23. Rg1 Be6 24. Qxd6 Bh3 25. Rg3 Bg2+ 26. Kg1 Ng4 27.
Qd5+ Qxd5 28. Rxd5 Nf6 29. Rd8+ Kf7 30. Nc7 Ne4 31. Rd7+ Kf6 32. Rgxg7 Ng5 33.
Rxg5 hxg5 34. Nb5 g4 35. Rxb7 Kf5 36. Rxa7 Ke4 37. Nc3+ Kd4 38. Rg7 g3 39. hxg3
Kc4 40. Rh7 Kd4 41. Rh2 Bf1 42. Kxf1 Kc4 43. Rh4+ Kc5 44. Rf4 Kb6 45. Rxf3 Ka5
46. Rf4 {Normal} 1-0

[Event "Rated Blitz tournament GumcPqr4"]
[Site "?"]
[Date "2021.10.31"]
[Round "?"]
[White "White_Bishop2021"]
[Black "Benny_Watts_2005"]
[Result "1/2-1/2"]
[WhiteElo "2249"]
[BlackElo "2440"]
[PlyCount "91"]
[EventDate "2021.??.??"]
[EventType "blitz"]

1. e4 e5 2. Nf3 d5 3. Nxe5 Bd6 4. d4 dxe4 5. Nc4 Nc6 6. c3 Nf6 7. Be3 Bf5 8.
Be2 O-O 9. O-O Nd5 10. Nxd6 Qxd6 11. Nd2 Nxe3 12. fxe3 Bg6 13. Bh5 f5 14. Nc4
Qf6 15. Bxg6 Qxg6 16. Qb3 Kh8 17. Qxb7 Rab8 18. Qxc7 Rbc8 19. Qf4 Nxd4 20. cxd4
Rxc4 21. Rac1 Ra4 22. a3 Ra6 23. Qxe4 Re6 24. Qf4 h6 25. Rf3 Re4 26. Qg3 Qxg3
27. Rxg3 f4 28. exf4 Rfxf4 29. Rd3 Re2 30. Rf3 Rxd4 31. Rc8+ Kh7 32. Rc7 Rd1+
33. Rf1 Rdd2 34. Rff7 Rxg2+ 35. Kf1 Rxb2 36. Rxa7 Rg5 37. h4 Rg4 38. a4 Rh2 39.
a5 Rhxh4 40. Ke2 Rh3 41. Kf2 h5 42. a6 Rh2+ 43. Kf3 Rh3+ 44. Kf2 Rh2+ 45. Ke3
Rh3+ 46. Kf2 {Normal} 1/2-1/2

[Event "Rated Blitz game"]
[Site "?"]
[Date "2021.10.31"]
[Round "?"]
[White "MityshevS"]
[Black "Annali-annaliew1979"]
[Result "0-1"]
[WhiteElo "2434"]
[BlackElo "2466"]
[PlyCount "98"]
[EventDate "2021.??.??"]
[EventType "blitz"]

1. e4 e5 2. Nf3 d5 3. d4 dxe4 4. Nxe5 Bd6 5. Be2 Bxe5 6. dxe5 Qxd1+ 7. Bxd1 Nc6
8. Nc3 Nxe5 9. Nxe4 Bf5 10. f3 Bxe4 11. fxe4 O-O-O 12. O-O f6 13. b3 Ne7 14.
Be3 N7c6 15. a3 a6 16. b4 Nc4 17. Bc5 Nd2 18. Re1 Rhe8 19. Bf3 Nxf3+ 20. gxf3
Ne5 21. Kf2 Rd2+ 22. Re2 Red8 23. Rae1 h5 24. Be3 Rxe2+ 25. Kxe2 Nc4 26. Rg1 g5
27. a4 b6 28. c3 h4 29. Bd4 Rd6 30. f4 gxf4 31. Kf3 Re6 32. Kxf4 Nd2 33. e5
fxe5+ 34. Bxe5 Nc4 35. Bd4 Re2 36. h3 Nd2 37. Kg4 Re7 38. Rd1 Re4+ 39. Kf5 Re2
40. Kg4 Re4+ 41. Kf5 Re2 42. Bf6 Rf2+ 43. Kg6 Nf3 44. Kh5 Rh2 45. Kg4 Nd2 46.
Bxh4 Ne4 47. Be1 Rh1 48. Kf4 Nxc3 49. Rc1 Ne2+ {Normal} 0-1

[Event "Rated Blitz game"]
[Site "?"]
[Date "2021.10.31"]
[Round "?"]
[White "ixlmaster"]
[Black "Annali-annaliew1979"]
[Result "0-1"]
[WhiteElo "2469"]
[BlackElo "2479"]
[PlyCount "116"]
[EventDate "2021.??.??"]
[EventType "blitz"]

1. e4 e5 2. Nf3 d5 3. d4 dxe4 4. Nxe5 Bd6 5. Nc4 Nf6 6. Bg5 O-O 7. Nbd2 Bf5 8.
Be2 Nc6 9. c3 Re8 10. Ne3 Bg6 11. Nd5 e3 12. Nxe3 h6 13. Bh4 Bf4 14. Ng4 Bxd2+
15. Qxd2 Ne4 16. Bxd8 Nxd2 17. Kxd2 Raxd8 18. Bd3 h5 19. Bxg6 fxg6 20. Ne3 b5
21. Kc2 a5 22. Rhe1 Rf8 23. Re2 Rde8 24. Rae1 b4 25. Nd5 Rxe2+ 26. Rxe2 bxc3
27. bxc3 Rf7 28. f3 h4 29. h3 Kh7 30. Re4 g5 31. a4 Rd7 32. Ne3 Ne7 33. Nc4 Nd5
34. Re5 Kh6 35. Nxa5 Nf4 36. Nc4 Nxg2 37. Ne3 Nf4 38. Ng4+ Kh5 39. Re8 Rd6 40.
Rh8+ Kg6 41. Ne5+ Kf6 42. Rf8+ Ke6 43. Rxf4 gxf4 44. Kd3 Kf5 45. a5 g5 46. c4
Ra6 47. c5 Rxa5 48. c6 Ra3+ 49. Kc4 Ra5 50. Kb4 Rxe5 51. dxe5 Kxe5 52. Kc4 g4
53. fxg4 f3 54. Kd3 Kf4 55. Kd2 Kg3 56. Ke1 Kg2 57. g5 f2+ 58. Kd2 f1=Q {Normal
} 0-1

[Event "Rated Blitz game"]
[Site "?"]
[Date "2021.10.31"]
[Round "?"]
[White "bazukat"]
[Black "batalla2"]
[Result "1-0"]
[WhiteElo "2375"]
[BlackElo "2466"]
[PlyCount "109"]
[EventDate "2021.??.??"]
[EventType "blitz"]

1. e4 e5 2. Nf3 d5 3. d4 dxe4 4. Nxe5 Bd6 5. Nc3 Bxe5 6. dxe5 Qxd1+ 7. Nxd1 Nc6
8. Bb5 Nge7 9. Nc3 Bf5 10. Be3 O-O-O 11. Bf4 Nd4 12. Ba4 Ng6 13. Bg3 c6 14.
O-O-O Rhe8 15. Rhe1 Nxe5 16. Nxe4 b5 17. Bb3 Nxb3+ 18. axb3 Rxd1+ 19. Kxd1 Rd8+
20. Kc1 Bxe4 21. Rxe4 Ng6 22. h4 h5 23. c4 Kb7 24. Kc2 Rd7 25. Kc3 a6 26. Re3
Ne7 27. Re5 g6 28. f3 Nf5 29. Bf2 Nd6 30. g4 hxg4 31. fxg4 Nc8 32. Bc5 Rd1 33.
h5 gxh5 34. gxh5 Rh1 35. Rf5 Rh3+ 36. Kc2 Rh2+ 37. Kb1 Rh1+ 38. Ka2 a5 39.
Rxf7+ Ka6 40. Rh7 Nb6 41. Bxb6 Kxb6 42. Rh8 Kc5 43. cxb5 cxb5 44. h6 Kb4 45. h7
Rh2 46. Kb1 Rh1+ 47. Ka2 Rh2 48. Rf8 Rxh7 49. Rf4+ Kc5 50. Rf5+ Kb4 51. Rg5 Rh2
52. Rg3 a4 53. Rg4+ Ka5 54. bxa4 bxa4 55. Rg5+ {Time forfeit} 1-0

[Event "Rated Blitz game"]
[Site "?"]
[Date "2021.10.31"]
[Round "?"]
[White "adamiva5"]
[Black "Annali-annaliew1979"]
[Result "0-1"]
[WhiteElo "2446"]
[BlackElo "2480"]
[PlyCount "86"]
[EventDate "2021.??.??"]
[EventType "blitz"]

1. e4 e5 2. Nf3 d5 3. exd5 e4 4. Qe2 f5 5. d3 Nf6 6. Nbd2 Be7 7. dxe4 fxe4 8.
Nxe4 Nxe4 9. Qxe4 O-O 10. Bd3 Bf5 11. Qc4 Bxd3 12. Qxd3 Bd6 13. O-O Qe8 14. Ng5
Qh5 15. h3 Nd7 16. c4 Ne5 17. Qc2 b6 18. Ne6 Nf3+ 19. Kh1 Qe5 20. g3 Qh5 21.
Kg2 Nh4+ 22. gxh4 Qf3+ 23. Kg1 Qxh3 24. f4 Rf6 25. Qg2 Rg6 26. Ng5 Bc5+ 27. Rf2
Qxh4 28. Kf1 Bxf2 29. Qxf2 Qh1+ 30. Ke2 Re8+ 31. Kd2 h6 32. Qf3 Qh2+ 33. Kc3
hxg5 34. fxg5 Qe5+ 35. Kb3 Rf8 36. Qh3 Qe4 37. Qh5 Rf3+ 38. Kb4 a5+ 39. Kb5
Qe8+ 40. Ka6 b5+ 41. Ka7 Ra6+ 42. Kxa6 Qxh5 43. Kxb5 Rf1 {Time forfeit} 0-1

[Event "Rated Blitz game"]
[Site "?"]
[Date "2021.10.31"]
[Round "?"]
[White "provolution"]
[Black "OCAIM"]
[Result "1-0"]
[WhiteElo "2421"]
[BlackElo "2573"]
[PlyCount "89"]
[EventDate "2021.??.??"]
[EventType "blitz"]

1. e4 e5 2. Nf3 d5 3. Nxe5 Bd6 4. d4 dxe4 5. Nc4 Nf6 6. Bg5 h6 7. Bh4 O-O 8.
Nbd2 Re8 9. Ne3 Nc6 10. c3 Bf4 11. Bb5 Bg5 12. Bg3 a6 13. Bxc6 bxc6 14. Nb3 Nd5
15. Qe2 Bxe3 16. fxe3 Qg5 17. Kd2 Bg4 18. Qf2 Re6 19. Bh4 Qf5 20. Qxf5 Bxf5 21.
Nc5 Rg6 22. Bg3 Rg4 23. Rhg1 h5 24. c4 Nb6 25. b3 Nd7 26. Nxd7 Bxd7 27. Bxc7 h4
28. g3 Be6 29. gxh4 Rxh4 30. Be5 Rh7 31. Kc3 Kf8 32. Kb4 f6 33. Bg3 Kf7 34. Kc5
Rc8 35. Raf1 Rh6 36. Rf4 Rh5+ 37. Kb4 a5+ 38. Kc3 f5 39. Rgf1 Ke7 40. Rh4 Rch8
41. Rxh5 Rxh5 42. a3 g5 43. b4 axb4+ 44. Kxb4 Bd7 45. a4 {Time forfeit} 1-0

[Event "Rated Blitz game"]
[Site "?"]
[Date "2021.10.31"]
[Round "?"]
[White "janqis"]
[Black "Pepiton61"]
[Result "1-0"]
[WhiteElo "2424"]
[BlackElo "2390"]
[PlyCount "93"]
[EventDate "2021.??.??"]
[EventType "blitz"]

1. e4 e5 2. Nf3 d5 3. Nxe5 Bd6 4. d4 dxe4 5. Bc4 Bxe5 6. dxe5 Qxd1+ 7. Kxd1
Bg4+ 8. Be2 Bxe2+ 9. Kxe2 Nc6 10. Bf4 O-O-O 11. Nc3 Nd4+ 12. Kf1 Ne6 13. Be3 f5
14. exf6 Nxf6 15. Ke2 Nd4+ 16. Bxd4 Rxd4 17. Rhd1 Rhd8 18. Rxd4 Rxd4 19. Re1
Rb4 20. b3 c5 21. h3 c4 22. Ke3 cxb3 23. axb3 a6 24. g4 h6 25. Rd1 Kc7 26. Rd4
Rb6 27. Nxe4 Re6 28. f3 Kc6 29. c4 b5 30. Kd3 Nd7 31. f4 b4 32. Rd5 Re7 33.
Rd6+ Kb7 34. Kd4 Nb6 35. c5 Nc8 36. Rg6 Rd7+ 37. Kc4 Re7 38. Nd6+ Nxd6+ 39.
cxd6 Re4+ 40. Kc5 Rxf4 41. Rxg7+ Kc8 42. Kc6 Rf8 43. Ra7 Kb8 44. Rxa6 Rf4 45.
Rb6+ Kc8 46. d7+ Kd8 47. Rb8+ {Normal} 1-0